4x4 Sudoku #2 - Statistics

General Stats
  • This quiz has been taken 113 times
  • The average score is 9 of 10
Answers on the Map
Answers color-coded by a green-red scale on the quiz's map according to % correct below.
 
Answer Stats
Answer % Correct
3B
93%
3C
93%
1D
92%
2B
92%
4D
92%
2A
91%
1A
89%
3A
89%
4B
89%
2C
88%
No matching quizzes found
Score Distribution
Percent of People with Each Score
Percentile by Number Answered
Your Score History
You have not taken this quiz